000 00896nam a22001937a 4500
999 _c62569
_d62569
003 Ge_BSU
005 20241209132450.0
008 241209s1983 ge ||||| |||| 00| 0 geo d
041 _ageo
080 _a631.8(035) ს-30
245 _aსასუქების ცნობარი აგრონომებისათვის /
_c[რედ. პროფ. ი. ნაკაიძე].
264 _aთბილისი :
_bსაბჭ. საქართველო,
_c1983.
300 _a391გვ. ;
_b22 სმ.
653 _aსასუქები - ცნობარები.
653 _aსოფლის მეურნეობა
700 _a ნაკაიძე,ი
_eრედაქტორი
_923912
856 _uhttps://dspace.nplg.gov.ge/bitstream/1234/494182/1/Sasuqebis_Cnobari_Agronomebisatvis_1983.pdf
_zელ.ვერსია
942 _2udc
_cBK